000 00365nam a2200133 a 4500
001 000045024
005 20201002045819.0
008 150129s1994 po c 000 0 spa d
020 _a9157308
040 _aDO-SdBNP
_bspa
_cBNPHU
245 0 0 _aTratado de Tordesilhas.
260 _aLisboa, Portugal, :
_bBanc Bilbao Vizcaya,
_c1994.
300 _a295+ :
_bretr. ;
_c30 cm.
999 _c44513
_d44513